GRAND DECEPTION THE WORLD'S MOST SPECTACULAR AND SUCCESSFUL HOAXES IMPOSTURES RUSES AND FRAUDS / (Record no. 616643)

000 -LEADER
fixed length control field 00412nam a22001337a 4500
020 ## - INTERNATIONAL STANDARD BOOK NUMBER
Qualifying information HB.
040 ## - CATALOGING SOURCE
Transcribing agency FIZZA ISHAQ
082 ## - DEWEY DECIMAL CLASSIFICATION NUMBER
Classification number 364
Author Mark ALE
100 ## - MAIN ENTRY--PERSONAL NAME
Personal name KLEIN,ALEXANDER.
9 (RLIN) 133585
245 ## - TITLE STATEMENT
Title GRAND DECEPTION THE WORLD'S MOST SPECTACULAR AND SUCCESSFUL HOAXES IMPOSTURES RUSES AND FRAUDS /
Statement of responsibility, etc. ALEXANDER KLEIN.
260 ## - PUBLICATION, DISTRIBUTION, ETC.
Place of publication, distribution, etc. LONDON ;
Name of publisher, distributor, etc. FABER AND FABER,
Date of publication, distribution, etc. 1995.
300 ## - PHYSICAL DESCRIPTION
Extent 413 P. ;
Dimensions 9.1X5.9IN
942 ## - ADDED ENTRY ELEMENTS (KOHA)
Source of classification or shelving scheme
Koha item type Book
Holdings
Withdrawn status Lost status Source of classification or shelving scheme Damaged status Not for loan Permanent Location Current Location Shelving location Date acquired Total Checkouts Full call number Barcode Date last seen Price effective from Koha item type
          NUST Baluchistan Campus (NBC) NUST Baluchistan Campus (NBC) General Stacks 03/12/2026   364 RUS QD-457 03/12/2026 03/12/2026 Book
© 2023 Central Library, National University of Sciences and Technology. All Rights Reserved.